书目信息 |
| 题名: |
基因工程技术方法及其典型应用研究
|
|
| 作者: | 李修平 著 | |
| 分册: | ||
| 出版信息: | 北京 中国纺织出版社 2018.01 |
|
| 页数: | 214页 | |
| 开本: | 24cm | |
| 丛书名: | ||
| 单 册: | ||
| 中图分类: | Q78 | |
| 科图分类: | ||
| 主题词: | 基因工程--研究 | |
| 电子资源: | ||
| ISBN: | 978-7-5180-3927-2 | |
| 000 | 00823nam0 2200229 450 | |
| 001 | 4334 | |
| 005 | 20181011101912.54 | |
| 010 | @a978-7-5180-3927-2@dCNY59.50 | |
| 100 | @a20171116d2018 em y0chiy50 ea | |
| 101 | 0 | @achi |
| 102 | @aCN@b110000 | |
| 105 | @aa z 000yy | |
| 200 | 1 | @a基因工程技术方法及其典型应用研究@9ji yin gong cheng ji shu fang fa ji qi dian xing ying yong yan jiu@f李修平著 |
| 210 | @a北京@c中国纺织出版社@d2018.01 | |
| 215 | @a214页@c图@d24cm | |
| 300 | @a2015年度黑龙江省博士后资助经费 | |
| 330 | @a本书主要内容包括引言、基因工程的工具酶与克隆载体、基因工程中的典型技术研究、目的基因的获取途径分析、外源基因的表达、转基因动植物、基因治疗等。 | |
| 606 | 0 | @a基因工程@x研究 |
| 690 | @aQ78@v5 | |
| 701 | 0 | @a李修平@9li xiu ping@4著 |
| 801 | 0 | @aCN@b91MARC@c20171116 |
| 905 | @aMuseLib@dQ78@e230 | |
| 基因工程技术方法及其典型应用研究/李修平著.-北京:中国纺织出版社,2018.01 |
| 214页:图;24cm |
| 2015年度黑龙江省博士后资助经费 |
| ISBN 978-7-5180-3927-2:CNY59.50 |
| 本书主要内容包括引言、基因工程的工具酶与克隆载体、基因工程中的典型技术研究、目的基因的获取途径分析、外源基因的表达、转基因动植物、基因治疗等。 |
| ● |
| 相关链接 |
|
|
|
|
正题名:基因工程技术方法及其典型应用研究
索取号:Q78/230
 
预约/预借
| 序号 | 登录号 | 条形码 | 馆藏地/架位号 | 状态 | 备注 |
| 1 | 1124661 | 211246613 | 第二样本阅览室/ [索取号:Q78/230] | 在馆 | |
| 2 | 1124662 | 211246622 | 第三借阅区/ [索取号:Q78/230] | 在馆 | |
| 3 | 1124663 | 211246631 | 第三借阅区/ [索取号:Q78/230] | 在馆 | |
| 4 | 1124664 | 211246640 | 第三借阅区/ [索取号:Q78/230] | 在馆 | |
| 5 | 1124665 | 211246659 | 密集书库-生命科学系/ [索取号:Q78/230] | 在馆 |